Loading...
| Science - Biology | 1 | 0 | 1 | 0 | 10 | 69 | 69.00 | 1 | 1 |
| Social Science | 0 | 1 | 0 | 1 | 10 | 122 | 122.00 | 0 | 1 |
| Science - Other Science | 0 | 1 | 0 | 0 | 10 | 119 | 119.00 | 0 | 1 |
| Mythology | 0 | 1 | 1 | 0 | 5 | 121 | 121.00 | 0 | 1 |
| Science - Physics | 0 | 1 | 1 | 0 | 5 | 80 | 80.00 | 1 | 1 |
| Literature - European Literature | 0 | 0 | 0 | 0 | 0 | 0.00 | 0 | 0 | |
| Science - Chemistry | 0 | 0 | 0 | 0 | 0 | 0.00 | 0 | 0 | |
| Other Academic | 0 | 0 | 1 | 0 | -5 | 0.00 | 0 | 0 | |
| History - World History | 0 | 0 | 1 | 0 | -5 | 0.00 | 0 | 0 | |
| Fine Arts - Visual Fine Arts | 0 | 0 | 1 | 0 | -5 | 0.00 | 0 | 0 | |
| Fine Arts - Other Fine Arts | 0 | 0 | 1 | 0 | -5 | 0.00 | 0 | 0 | |
| Fine Arts - Auditory Fine Arts | 0 | 0 | 1 | 0 | -5 | 0.00 | 0 | 0 | |
| History - European History | 0 | 0 | 2 | 0 | -10 | 0.00 | 0 | 0 |